Enrique VIII y sus seis mujeres

Gespeichert in:
Bibliographische Detailangaben
1. Verfasser: Hackett, Francis
Format: Buch
Sprache:Undetermined
Veröffentlicht: Barcelona, España Editorial Juventud 1976
Schlagworte:
Tags: Tag hinzufügen
Keine Tags, Fügen Sie den ersten Tag hinzu!

MARC

LEADER 00000nam a2200000Ia 4500
008 170316s9999 xx 000 0 und d
090 |a 800-Ir H-1e 
100 |a Hackett, Francis 
245 |a Enrique VIII y sus seis mujeres 
260 |a Barcelona, España 
260 |b Editorial Juventud 
260 |c 1976 
300 |a 389 páginas 
650 |a OTRAS LITERATURAS 
650 |a LITERATURA IRLANDESA 
999 |c 19919  |d 19919 
040 |a cru BVZT 
942 |c 15 D  |h 800-Ir H-1e  |2 z